<?xml version="1.0" encoding="UTF-8"?>
<record
    xmlns:xsi="http://www.w3.org/2001/XMLSchema-instance"
    xsi:schemaLocation="http://www.loc.gov/MARC21/slim http://www.loc.gov/standards/marcxml/schema/MARC21slim.xsd"
    xmlns="http://www.loc.gov/MARC21/slim">

  <leader>01937nab a2200253 i 4500</leader>
  <controlfield tag="001">BPP</controlfield>
  <controlfield tag="003">BPK</controlfield>
  <controlfield tag="005">20180102144529.0</controlfield>
  <controlfield tag="008">150326s2005    pl  |  |     |100 ||pol</controlfield>
  <datafield tag="040" ind1=" " ind2=" ">
    <subfield code="c">BPK</subfield>
  </datafield>
  <datafield tag="080" ind1=" " ind2=" ">
    <subfield code="a">553.6</subfield>
  </datafield>
  <datafield tag="100" ind1=" " ind2=" ">
    <subfield code="a">HARABIN, Zdzis&#x142;aw.</subfield>
    <subfield code="d">2000 - 2005.</subfield>
    <subfield code="b">Politechnika Koszali&#x144;ska - Wydzia&#x142; Budownictwa i In&#x17C;ynierii &#x15A;rodowiska,</subfield>
    <subfield code="c">Katedra Techniki Wodno-Mu&#x142;owej i Utylizacji Odpad&#xF3;w</subfield>
  </datafield>
  <datafield tag="245" ind1=" " ind2=" ">
    <subfield code="a">Eksploatacja z&#x142;o&#x17C;a oraz rekultywacja i zagospodarowanie wyrobiska piaskowo-&#x17C;wirowego "S&#x119;p&#xF3;lno Wielkie" /</subfield>
    <subfield code="c">Marek Maciejewski, Zdzis&#x142;aw Harabin.</subfield>
  </datafield>
  <datafield tag="260" ind1=" " ind2=" ">
    <subfield code="c">2005.</subfield>
  </datafield>
  <datafield tag="500" ind1=" " ind2=" ">
    <subfield code="a">Dane z autopsji.</subfield>
  </datafield>
  <datafield tag="520" ind1=" " ind2=" ">
    <subfield code="a">W regionie &#x15B;rodkowopomorskim znacz&#x105;ce miejsce w dewastacji &#x15B;rodowiska przyrodniczego zajmuj&#x105; wyrobiska kopalin u&#x17C;ytecznych, g&#x142;&#xF3;wnie pisaku i &#x17C;wiru. W chwili obecnej na tym obszarze jest udokumentowanych 79 tego rodzaju z&#x142;&#xF3;&#x17C;, przy czym zaniechano wydobyciu lub wyeksploatowano 22 z&#x142;o&#x17C;a. Wypada doda&#x107;, &#x17C;e w tym regionie wyst&#x119;puje 195 "dzikich", lokalnych, niewielkich wyrobisk. W publikacji przedstawiono na przyk&#x142;adzie z&#x142;o&#x17C;a "S&#x119;p&#xF3;lno Wielkie" eksploatowanego przez Koszali&#x144;skie Kopalnie Surowc&#xF3;w Mineralnych "Kruszywo" SA w Koszalinie, ca&#x142;y proces technologiczny wydobycia piasku i &#x17C;wiru, pocz&#x105;wszy od ich pozyskania ze &#x15B;ciany, poprzez przer&#xF3;bk&#x119; do sortowania, a tak&#x17C;e om&#xF3;wiono w og&#xF3;lnym zarysie zabiegi wchodz&#x105;ce w zakres rekultywacji zagospodarowania le&#x15B;nego sp&#x105;gu wyrobiska.</subfield>
  </datafield>
  <datafield tag="650" ind1=" " ind2=" ">
    <subfield code="a">Wyrobiska g&#xF3;rnicze - surowce.</subfield>
  </datafield>
  <datafield tag="650" ind1=" " ind2="0">
    <subfield code="a">Piasek.</subfield>
  </datafield>
  <datafield tag="650" ind1=" " ind2="0">
    <subfield code="a">&#x17B;wir.</subfield>
  </datafield>
  <datafield tag="655" ind1=" " ind2="0">
    <subfield code="a">Materia&#x142;y konferencyjne.</subfield>
  </datafield>
  <datafield tag="773" ind1=" " ind2=" ">
    <subfield code="i">W :</subfield>
    <subfield code="t">Zeszyty Naukowe Wydzia&#x142;u Budownictwa i In&#x17C;ynierii &#x15A;rodowiska. -</subfield>
    <subfield code="g">2005, nr 22, s. 993-1004. -</subfield>
    <subfield code="k">In&#x17C;ynieria &#x15A;rodowiska</subfield>
  </datafield>
  <datafield tag="711" ind1=" " ind2=" ">
    <subfield code="a">Og&#xF3;lnopolska Konferencja Naukowa nt. Kompleksowe i szczeg&#xF3;&#x142;owe problemy in&#x17C;ynierii &#x15B;rodowiska</subfield>
    <subfield code="n">(7 ;</subfield>
    <subfield code="d">2005 ;</subfield>
    <subfield code="c">Koszalin - Ustronie Morskie, Polska).</subfield>
  </datafield>
  <datafield tag="942" ind1=" " ind2=" ">
    <subfield code="c">ART</subfield>
    <subfield code="2">UKD</subfield>
  </datafield>
  <datafield tag="999" ind1=" " ind2=" ">
    <subfield code="c">720</subfield>
    <subfield code="d">720</subfield>
  </datafield>
  <datafield tag="952" ind1=" " ind2=" ">
    <subfield code="0">0</subfield>
    <subfield code="1">0</subfield>
    <subfield code="4">0</subfield>
    <subfield code="7">0</subfield>
    <subfield code="a">BPK</subfield>
    <subfield code="b">BPK</subfield>
    <subfield code="o">0101</subfield>
    <subfield code="y">ART</subfield>
  </datafield>
</record>
